000 00738nam a22002537a 4500
003 BPGM
005 20260623214543.0
008 260623b2016 mx ||||| |||| 001 0 spa d
020 _a978-607-7619-53-6
040 _aBPGM
_bspa
041 _aspa
_hspa
082 0 4 _aCQ/ 861M
_bC34623/ P63
100 _aCALDERÓN BALDERAS, ELIZABETH
245 _aPOESÍA
260 _aQUERÉTARO;
_bFONDO EDITORIAL DE QUERÉTARO,
_c2016.
300 _a40 páginas
_c16.2 cm x 11 cm
336 _2rdacontent
_atexto
_btxt
337 _2rdamedia
_asin mediación
_bn
338 _2rdacarrier
_avolumen
_bnc
650 _aLITERATURA Y RETORICA
650 _aLITERATURAS ESPAÑOLA Y PORTUGUESA
650 _aPOESIA ESPAÑOLA
942 _2ddc
_cCOLQ
999 _c68658
_d68658